ბათუმის შოთა რუსთაველის სახელმწიფო უნივერსიტეტის ბიბლიოთეკა

ენობრივი პროცესის ფსიქოლოგიური მექანიზმი და შემეცნების თეორია / (ბიბ.ჩანაწერი № 37857)

000 -ლიდერი
ფიქსირებული სიგრძის საკონტროლო ველი 01126nam a2200229Ia 4500
001 - საკონტროლო ნომერი
საკონტროლო ველი 3835
003 - საკონტროლო ნომრის იდენტიფიკატორი
საკონტროლო ველი GE_BSU
005 - ბოლო ოპერაციის თარიღი და დრო
საკონტროლო ველი 20190815164808.0
008 - ფიქსირებული სიგრძის მონაცემთა ელემენტები - ზოგადი ინფორმაცია
ფიქსირებული სიგრძის საკონტროლო ველი 181216s1980||||ge |||||||||||||| ||geo||
040 ## - კატალოგიზაციის წყარო
Transcribing agency GE_BSU
041 ## - ენის კოდი
Language code of text/sound track or separate title geo
080 ## - უნივერსალური ათობითი კლასიფიკაციის ინდექსი
Universal Decimal Classification number 159.9+81 რ–21
100 ## - მთავარი ჩანაწერი - პიროვნების სახელი
Personal name რამიშვილი, დარეჯან
9 (RLIN) 3629
245 ## - ცნობა სათაურის შესახებ
Title ენობრივი პროცესის ფსიქოლოგიური მექანიზმი და შემეცნების თეორია /
Statement of responsibility, etc რედ. ალ. ფრანგიშვილი; დ. უზნაძის სახ. ფსიქოლოგიის ინ-ტი.
264 ## - წარმოების, გამოცემის, დისტრიბუციის და სხვა ცნობები
გამოცემის, წარმოების, დისტრიბუციის... ადგილი თბ. :
გამოცემის, წარმოების, დისტრიბუციის... სახელწოდება მეცნიერება,
გამოცემის, წარმოების, დისტრიბუციის... თარიღი 1980.
300 ## - ფიზიკური აღწერა
Extent 169 გვ. ;
Other physical details 21 სმ.
653 ## - INDEX TERM--UNCONTROLLED
Uncontrolled term ფსიქოლინგვისტიკა
653 ## - INDEX TERM--UNCONTROLLED
Uncontrolled term შემეცნების თეორია
700 ## - ADDED ENTRY--PERSONAL NAME
Personal name ფრანგიშვილი, ალ.
Relator term რედაქტორი
9 (RLIN) 3630
710 ## - ADDED ENTRY--CORPORATE NAME
Corporate name or jurisdiction name as entry element დ. უზნაძის სახ. ფსიქოლოგიის ინ-ტი.
9 (RLIN) 3596
942 ## - ADDED ENTRY ELEMENTS (KOHA)
Koha item type წიგნი
Source of classification or shelving scheme
ეგზემპლარები
ჩამოწერის სტატუსი დაკარგული ეგზემპლარის სტატუსი კლასიფიკაციის წყარო ან თაროზე გაწყობის სქემა დაზიანების სტატუსი არ გაიცემა მუდმივი მდებარეობა (დაცვის ადგილი) ამჟამინდელი ადგილსამყოფელი თაროზე განთავსების ადგილი შეძენის თარიღი ღირებულება, შესყიდვის ნორმალური ფასი სრული შენახვის შიფრი შტრიხკოდი ბოლო ოპერაციის თარიღი ეგზემპლარის მიმდევრობითი ნომერი (კეტერი?) ფასის ძალაში შესვლის თარიღი ეგზემპლარის სახეობა საჯარო შენიშვნა
          ბათუმის შოთა რუსთაველის სახელმწიფო უნივერსიტეტის მთავარი ბიბლიოთეკა ბათუმის შოთა რუსთაველის სახელმწიფო უნივერსიტეტის მთავარი ბიბლიოთეკა წიგნსაცავი 2018-12-17 1.00 159.9+81 რ–21 5433 2018-12-17 5433 2018-12-17 წიგნი 1 ლ.